Dadaism / (Record no. 5867)

MARC details
000 -LEADER
fixed length control field 00958cam a22002657i 4500
001 - CONTROL NUMBER
control field 19616710
005 - DATE AND TIME OF LATEST TRANSACTION
control field 20260429142117.0
008 - FIXED-LENGTH DATA ELEMENTS--GENERAL INFORMATION
fixed length control field 170501s2016 gw 000 0 eng
035 ## - SYSTEM CONTROL NUMBER
System control number 19616710
010 ## - LIBRARY OF CONGRESS CONTROL NUMBER
LC control number 2016461626
020 ## - INTERNATIONAL STANDARD BOOK NUMBER
International Standard Book Number 9783836505628
Qualifying information (hbk.)
040 ## - CATALOGING SOURCE
Original cataloging agency DLC
Language of cataloging eng
Description conventions rda
Transcribing agency DLC
Modifying agency DLC
050 00 - LIBRARY OF CONGRESS CALL NUMBER
Classification number MLCM 2022/42807 (N)
245 00 - TITLE STATEMENT
Title Dadaism /
Statement of responsibility, etc. Dietmar Elger, Uta Grosenick ( Ed.).
264 #1 - PRODUCTION, PUBLICATION, DISTRIBUTION, MANUFACTURE, AND COPYRIGHT NOTICE
Place of production, publication, distribution, manufacture Köln :
Name of producer, publisher, distributor, manufacturer Taschen,
Date of production, publication, distribution, manufacture, copy right date [2016]
300 ## - PHYSICAL DESCRIPTION
Extent 95 pages :
Other physical details chiefly illustrations (some color) ;
Dimensions 27 cm
336 ## - CONTENT TYPE
Content type term text
Content type code txt
Source rdacontent
337 ## - MEDIA TYPE
Media type term unmediated
Media type code n
Source rdamedia
338 ## - CARRIER TYPE
Carrier type term volume
Carrier type code nc
Source rdacarrier
700 1# - ADDED ENTRY--PERSONAL NAME
Personal name Elger, Dietmar,
Relator term editor.
9 (RLIN) 15585
700 1# - ADDED ENTRY--PERSONAL NAME
Personal name Grosenick, Uta,
Relator term editor.
9 (RLIN) 14051
906 ## - LOCAL DATA ELEMENT F, LDF (RLIN)
a 7
b cbc
c orignew
d 4
e ncip
f 20
g y-gencatlg
925 0# -
-- acquire
-- 1 shelf copy
-- policy default
999 ff - SYSTEM CONTROL NUMBERS (KOHA)
-- ece0a1f6-1912-5a9c-93f2-29f5a43d9fc4
-- 0e538851-7ff5-46ed-9322-f0a82353a41c

No items available.